| 000 -CABECERA |
| Longitud fija campo de control |
00578nam a2200193 a 4500 |
| 001 - NÚMERO DE CONTROL |
| Número de control |
1998 |
| 003 - IDENTIFICADOR DEL NÚMERO DE CONTROL |
| Identificador del número de control |
CDMR |
| 005 - FECHA Y HORA DE LA ÚLTIMA TRANSACCIÓN |
| Fecha y hora de la última transacción |
20131001104556.0 |
| 008 - CÓDIGOS DE INFORMACIÓN DE LONGITUD FIJA |
| Códigos de información de longitud fija |
130130s1980||||||||||||||||||||||||||||d |
| 020 ## - NÚMERO INTERNACIONAL NORMALIZADO PARA LIBROS |
| Número Internacional Normalizado para Libros (ISBN) |
8431306769 |
| 040 ## - FUENTE DE LA CATALOGACIÓN |
| Centro catalogador de origen |
CDMR |
| Lengua de catalogación |
cat |
| Centro transcriptor |
CDMR |
| 100 1# - PUNTO DE ACCESO PRINCIPAL-NOMBRE DE PERSONA |
| Nombre de persona |
Aguilera Gamoneda, Joaquim de |
| 9 (RLIN) |
591 |
| 245 13 - MENCIÓN DE TÍTULO |
| Título |
La educación por televisión |
| Resto del título |
: un servicio público desatendido |
| Mención de responsabilidad, etc. |
Joaquin de Aguilera |
| 260 ## - PUBLICACIÓN, DISTRIBUCIÓN, ETC. (PIE DE IMPRENTA) |
| Lugar de publicación, distribución, etc. |
Pamplona |
| Fecha de publicación, distribución, etc. |
1980 |
| Nombre del editor, distribuidor, etc. |
EUNSA |
| 300 ## - DESCRIPCIÓN FÍSICA |
| Extensión |
261 p ; |
| Dimensiones |
22 cm |
| 490 0# - MENCIÓN DE SERIE |
| Mención de serie |
Ciencias de la información (Eunsa) |
| 650 04 - PUNTO DE ACCESO ADICIONAL DE MATERIA - TÉRMINO DE MATERIA |
| 9 (RLIN) |
2782 |
| Término de materia o nombre geográfico como elemento inicial |
Televisió en l'ensenyament |
| 942 ## - ENTRADA DE ELEMENTOS AGREGADOS (KOHA) |
| Koha [por defecto] tipo de item |
Monografies |
| Fuente de clasificaión o esquema |
|